01750nam a2200337 i 4500001001000000003000900010005001700019007000300036008004100039040003000080082002400110100005300134245009700187264005500284300002800339336002700367337003300394338002800427590002600455650007900481650006600560650007600626910003800702942001400740952013300754952013300887952013301020952011801153952012401271999001701395000025987DO-SdBNP20251204073702.0ta110225s2005 dr r 000 0 spa d aDO-SdBNPbspacBNPHUerda 4a347.7293bS941a2221 aSubero Isa, Jorge A.,d1947-eautor4aut.97686310aAudiencia solemne del 7 de enero del 2005 :ba modo de informe anual /cJorge A. Subero Isa. 1aSanto Domingo :bSuprema Corte de Justicia,c2005. a139 páginas ;c21 cm. atextobtxt2rdacontent asin mediaciónbn2rdamedia avolumenbnc2rdacarrier aInventariado, 2018/BT 4aPoder judicialzRepública Dominicana946172vEnsayos, conferencias, etc. 0aAdministración de justicia zRepública Dominicana910083 4aAdministración de justicia penal vEnsayos, conferencias, etc.988262 aValidado. Control de calidad. EMS 2ddccLBS1 001054708DSaGRbGRcHDd2011-04-12iLF1l0o347.7293 S941ap25987-30r2020-06-25te. 3w2020-06-25yLFDSZPréstamo en sala 001054708DSaGRbGRcHDd2011-04-12iLF1l0o347.7293 S941ap25987-40r2020-06-25te. 4w2020-06-25yLFDSZPréstamo en sala 001054708DSaGRbGRcHDd2011-04-18iLF1l0o347.7293 S941ap25987-50r2020-06-25te. 5w2020-06-25yLFDSZPréstamo en sala 0010718PDaPDbPDcHDd2011-02-25iLF1l0o347.7293 S941ap25987-10r2020-06-25w2020-06-25yLFPDZNo se presta 0010718PDaPDbPDcHDd2011-04-12iLF1l0o347.7293 S941ap25987-20r2020-06-25te. 2w2020-06-25yLFPDZNo se presta c25479d25479